| 000 | 00563nam a2200229 a 4500 | ||
|---|---|---|---|
| 001 | nice12345678 | ||
| 003 | IN_TiNIC | ||
| 005 | 20260116014538.0 | ||
| 008 | 131226s2003 dela grp 000 0 eng | ||
| 020 |
_a8185063362 _c100 |
||
| 082 | 0 | 0 |
_a297 _bKHA8 |
| 100 | _aKhan, Wahiduddin | ||
| 245 | _aPrinciples of Islam | ||
| 260 |
_aDelhi _bIslamic Centre(al-Risala Office _c2003 |
||
| 300 | _a170p | ||
| 500 | _aincludes index and biblioraphy | ||
| 650 | _aIslam | ||
| 700 | 1 | _aKhan, Wahiduddin | |
| 902 | _bSRS | ||
| 942 | _cBK | ||
| 999 |
_c15892 _d15892 |
||